000 00893nam a2200229 a 4500
001 47972
003 BD-RjUL
005 20211209054431.0
008 160811s168 bg ||||| |||| 00| 0 ben d
020 _c: Tk. 7.50
035 _a(BD-RjUL)48091
040 _aBD-RjUL
_bben
_cBD-RjUL
041 _aben
082 _223
_a891.4408
_bGHP 1968
100 1 _aমোস্তফা, গোলাম
_9124144
245 1 0 _aপ্রবন্ধ-সংকলন /
_cগোলাম মোস্তফা ; সম্পাদক: মাহফুজা খাতুন
260 _aঢাকা :
_bআহমদ পাবলিশিং হাউজ,
_c১৯৬৮
300 _a২৯২ পৃ. ;
_c২১ সেমি.
650 _aবাংলা সাহিত্য
_vসংগৃহীত কাজ
_9145415
650 _aBengali litterature
_vCollective work
_9145416
942 _2ddc
_cBK
999 _c47972
_d47972